00675nam a2200145Ia 4500008004100000050002300041100002700064245018500091260008600276300002000362521001500382942000700397999001900404952010600423140724s9999 xx 000 0 und d aR 726b.Se463 2011 aSekhanan, Christian E. aEffects of familiar immediate environment on recall of nonsense figures among second year college students of Southville International School and Colleges /cChristian E. Sekhanan. aLas Piñas, Philippines :bSouthville International School and Colleges,cc2011. a48 p. :c28 cm. aPsychology cTH c228775d228775 001040aCLbCLcTHESESd2014-07-24l0oR 726 .Se463 2011pT0129r2018-05-15 00:00:00w2014-07-24yTH